| 000 | 00926nam a22003017a 4500 | ||
|---|---|---|---|
| 001 | BR9903431 | ||
| 003 | BR-BrBNA | ||
| 005 | 20230928100243.0 | ||
| 007 | ta | ||
| 008 | 230509b bl.||||| |||| 00| 0 por d | ||
| 040 |
_aBR-BrBNA _bpor _cBiblioteca Nacional de Agricultura |
||
| 041 | _a(Por) | ||
| 072 | _aP33 | ||
| 090 | _ P33 BR9903431 | ||
| 100 | 1 | _aTormena, C.A. | |
| 110 | 1 |
_aEscola Superior de Agricultura Luiz de Queiroz, Piracicaba, SP (Brasil) _0Tese (Doutor em Agronomia) |
|
| 245 | 1 | _aCaracterizacao e avaliacao do intervalo hidrico otimo de um latossolo roxo | |
| 260 | 3 |
_aPiracicaba, SP (Brasil): _c1998. |
|
| 300 | _a106 p. | ||
| 500 | _aSummaries (Eng, Por); Bibliography p. 86-106; | ||
| 650 | _aCompactacao do Solo | ||
| 650 | _aFisica do Solo | ||
| 650 | _aLatossolo Roxo | ||
| 650 | _aPlantio Direto | ||
| 650 | _aUmidade do Solo | ||
| 909 |
_a202309 _bLucia _c55 _dLucia Elande |
||
| 942 | _cBK | ||
| 999 |
_c60727 _d60727 |
||